Extension review
Guardado en:
| Formato: | Seriadas |
|---|---|
| Lenguaje: | inglés |
| Publicado: |
Washington
United States Department of Agriculture
1984
|
| Etiquetas: |
Sin Etiquetas, Sea el primero en etiquetar este registro!
|
MARC
| LEADER | 00000nas2a2200000 4500 | ||
|---|---|---|---|
| 001 | s028139 | ||
| 005 | 20250917090355.8 | ||
| 041 | 0 | |a eng | |
| 044 | |a US | ||
| 245 | 1 | 0 | |a Extension review |
| 264 | 1 | |a Washington |b United States Department of Agriculture |c 1984 | |
| 300 | |a 1 zv. | ||